| 000 | 00738nam a2200241Ia 4500 | ||
|---|---|---|---|
| 999 |
_c3512 _d3512 |
||
| 008 | 251202t2024||||xxka|||gd|||||||| ||und|| | ||
| 020 |
_a9781009507196 _c£ 57.99 |
||
| 040 |
_aKO _beng |
||
| 041 | 0 | _aeng | |
| 044 | _axxk | ||
| 082 | 0 | 4 |
_a338.5 _bM1996 _223 |
| 100 | 1 | _aMcKenzie, Richard B. | |
| 245 | 1 | 0 |
_aMicroeconomics for managers : _bprinciples and applications / _cRichard B. McKenzie, D. Eric Schansberg and Dwight R. Lee |
| 250 | _a4th ed. | ||
| 260 |
_aUK : _bCambridge university press, _c2024 |
||
| 300 |
_axxvii, 527 p. _b : col. ill; _c; 25 cm. |
||
| 650 | 0 |
_aMicroeconomics _vTextbooks |
|
| 700 |
_aSchansberg, D. Eric _eaut |
||
| 700 |
_aLee, Dwight R. _eaut |
||
| 904 | _aA_BOSE | ||
| 942 |
_cBK _2ddc |
||